[Event "40th ch-IND w 2013"]
[Site "Kolkata IND"]
[Date "2013.09.04"]
[Round "10.6"]
[White "Monnisha,G"]
[Black "Bhakti,K"]
[Result "1/2-1/2"]
[WhiteElo "2056"]
[BlackElo "2302"]

1.e4 d5 2.exd5 Qxd5 3.Nc3 Qd6 4.d4 Nf6 5.Bc4 g6 6.Nf3 Bg7 7.O-O a6 8.a4 O-O
9.b3 Re8 10.Re1 e6 11.Bg5 b6 12.d5 e5 13.Bxf6 Qxf6 14.Ne4 Qd8 15.d6 Be6 16.Bxe6 fxe6
17.Nfg5 c6 18.Qf3 Ra7 19.Qh3 h6 20.Nxe6 Qd7 21.Nxg7 Kxg7 22.Qe3 Qb7 23.h4 Nd7
24.h5 Re6 25.Qh3 Nf8 26.hxg6 Rxg6 27.Ng3 Qd7 28.Rxe5 Qxh3 29.gxh3 Kf7 30.Rae1 Rxd6
31.Rf5+ Rf6 32.Rxf6+ Kxf6 33.Re8 Ne6 34.Rb8 b5 35.Rb6 Nd4 36.c3 Nxb3 37.Rxc6+ Kg5
38.axb5 axb5 39.Rb6 Ra5 40.Kg2 Nd2 41.Ne2 Ne4 42.f4+ Kf5 43.Rxh6 Ra2 44.Kf3 Nd2+
45.Ke3 Nc4+ 46.Kf2 Rb2 47.Rh8 b4 48.cxb4 Rxb4 49.Rf8+ Kg6 50.Nd4 Nd6 51.Ke3 Ra4
52.f5+ Nxf5+ 53.Nxf5 Ra3+ 54.Kf4 Rxh3 55.Ra8 Rh1 56.Ra6+ Kf7 57.Ng3 Rg1 58.Ne4 Rb1
59.Rc6 Rf1+ 60.Ke5 Re1 61.Ra6 Kg7 62.Ra4 Kf7 63.Kf5 Rf1+ 64.Kg4 Ke6 65.Ng3 Rf8
66.Ra5 Rf2 67.Nh5 Rf8 68.Nf4+ Kd6 69.Ra6+ Kd7 70.Kf3 Re8 71.Nd3 Kc7 72.Kf4 Re2
73.Ne5 Kb7 74.Rg6 Re1 75.Nd3 Re2 76.Nc5+ Kc7 77.Ne4 Re1 78.Ke5 Kd7 79.Rd6+ Kc7
80.Rd4 Kc6 81.Ke6 Rh1 82.Rc4+ Kb6 83.Nd6 Rh6+ 84.Kd5 Rh5+ 85.Kd4 Rh4+ 86.Ne4 Kb5
87.Rc5+ Kb6 88.Re5 Kc6 89.Re6+ Kd7 90.Ra6 Kc7 91.Rg6 Kd7 92.Kd5 Kc7 93.Rc6+ Kd7
94.Nc5+ Ke7 95.Nd3 Rh1 96.Re6+ Kf8 97.Ne5 Rd1+ 98.Ke4 Re1+ 99.Kf5 Rf1+ 100.Kg5 Rg1+
101.Ng4 Kf7 102.Re2 Kf8 103.Kf5 Rf1+ 104.Kg6  1/2-1/2

[Event "78th ch-ESP 2013"]
[Site "Linares ESP"]
[Date "2013.09.04"]
[Round "7.18"]
[White "Jimenez de la Torre,J"]
[Black "Shen,Y"]
[Result "1/2-1/2"]
[WhiteElo "2038"]
[BlackElo "2283"]

1.e4 d5 2.exd5 Qxd5 3.Nc3 Qd6 4.d4 Nf6 5.Nf3 Bg4 6.h3 Bh5 7.g4 Bg6 8.Bg2 Nc6
9.Be3 Nb4 10.Rc1 Nbd5 11.Nxd5 Nxd5 12.Qd2 e6 13.a3 c6 14.c4 Nxe3 15.Qxe3 Be7
16.c5 Qd5 17.Nh4 Qd7 18.Nf3 Qd5 19.Nh4 Qd8 20.Nxg6 hxg6 21.O-O Bf6 22.Rcd1 O-O
23.Rd3 g5 24.Rfd1 Qa5 25.b4 Qa4 26.f4 gxf4 27.Qxf4 a5 28.Be4 axb4 29.axb4 Qxb4
30.g5 Bxd4+ 31.Rxd4 Qxc5 32.Qh4 g6 33.Bxg6 fxg6 34.Qh6 Qf5 35.Rd7 Rf7 36.Rd8+ Rf8
37.R8d7 Rf7 38.Rd8+ Rxd8 39.Rxd8+ Rf8 40.Rxf8+ Qxf8 41.Qxg6+ Kh8 42.Qh5+ Kg8  1/2-1/2

[Event "78th ch-ESP 2013"]
[Site "Linares ESP"]
[Date "2013.09.06"]
[Round "9.15"]
[White "Torres Ventosa,P"]
[Black "Sos Andreu,E"]
[Result "1-0"]
[WhiteElo "2317"]
[BlackElo "2229"]

1.e4 d5 2.exd5 Qxd5 3.Nc3 Qd6 4.d4 Nf6 5.Nf3 c6 6.g3 Bf5 7.Bg2 e6 8.O-O h6
9.Re1 Be7 10.a4 O-O 11.a5 Na6 12.Bf4 Qd8 13.Ne5 Rc8 14.Nb1 Nd5 15.Bd2 Ndb4
16.Na3 Qxa5 17.c3 Qd8 18.Nb1 Nb8 19.d5 Qd6 20.Bc1 N4a6 21.Nf3 Qf4 22.Ne5 Qd4
23.Bd2 Qxc3 24.bxc3 c5 25.Qf3 Bh7 26.Qg4 Kh8 27.Qxe6 fxe6 28.Nf3  1-0

[Event "15th Trieste Open"]
[Site "Trieste ITA"]
[Date "2013.09.06"]
[Round "8"]
[White "Cretnik,Urban"]
[Black "Milazzo,M"]
[Result "1/2-1/2"]
[WhiteElo "1924"]
[BlackElo "2040"]

1.e4 d5 2.exd5 Qxd5 3.Nc3 Qd6 4.d4 Nf6 5.Bc4 a6 6.Nf3 Nc6 7.h3 Bf5 8.O-O e6
9.a3 Rd8 10.Be3 Be7 11.Qd2 O-O 12.Rad1 Nd5 13.Nxd5 exd5 14.Bf4 Qg6 15.Bd3 Bxd3
16.Qxd3 Qxd3 17.Rxd3 Bd6 18.Bxd6 Rxd6 19.Re1 Rfd8 20.Rde3 f6 21.c3 Kf7 22.Nh4 g6
23.f4 R6d7 24.Nf3 Re7 25.Rxe7+ Nxe7 26.Kf2 Rd6 27.g4 Re6 28.Rxe6 Kxe6 29.Ke3 Nc6
30.Nd2 Ne7 31.Nb3 b6 32.Nc1 Nc8 33.Nb3 Nd6 34.Nd2 f5 35.a4 Ne4 36.g5 Nd6
37.h4 Nc4+ 38.Nxc4 dxc4 39.a5 b5 40.Kf2 Kd5 41.Kf3 Kd6 42.Ke2 Kc6 43.Ke3 Kd5
44.Kf3 c5 45.dxc5 Kxc5 46.Ke3 b4 47.cxb4+ Kxb4 48.Kd4 Kb5 49.Kd5 Kb4 50.Kd6  1/2-1/2

[Event "10th LGA Premium Cup GpC"]
[Site "Nuernberg GER"]
[Date "2013.09.07"]
[Round "4.1"]
[White "Osmanodja,F"]
[Black "Heinzel,O"]
[Result "1-0"]
[WhiteElo "2275"]
[BlackElo "2374"]

1.e4 d5 2.exd5 Qxd5 3.Nc3 Qd8 4.d4 Nf6 5.Nf3 Bg4 6.h3 Bxf3 7.Qxf3 c6 8.Be3 e6
9.O-O-O Nbd7 10.Kb1 a5 11.g4 Be7 12.g5 Nd5 13.Nxd5 cxd5 14.h4 a4 15.h5 Bxg5
16.Bxg5 Qxg5 17.Bb5 Qe7 18.Rhg1 g6 19.hxg6 hxg6 20.Rh1 Rf8 21.c4 Qg5 22.Qa3 Qe7
23.Qg3 Kd8 24.cxd5 exd5 25.Rhe1 Qf6 26.Rc1 Qb6 27.Qa3 Qf6 28.Qxf8+  1-0

[Event "Svenska Cup 2013"]
[Site "Linkoping SWE"]
[Date "2013.09.08"]
[Round "7.7"]
[White "Sagit,R"]
[Black "Gajic,Ml"]
[Result "1/2-1/2"]
[WhiteElo "2361"]
[BlackElo "2246"]

1.e4 d5 2.exd5 Qxd5 3.Nc3 Qd6 4.d4 Nf6 5.Bb5+ Nbd7 6.Nf3 a6 7.Bd3 b5 8.a4 b4
9.Ne4 Nxe4 10.Bxe4 Rb8 11.O-O g6 12.Re1 Bg7 13.c4 bxc3 14.bxc3 O-O 15.Ba3 c5
16.Rb1 Rxb1 17.Qxb1 Qc7 18.h4 Re8 19.h5 cxd4 20.hxg6 hxg6 21.cxd4 Nf6 22.Qc2 Qxc2
23.Bxc2 Nd5 24.Bc5 Bd7 25.a5 e6 26.Bd3 Rb8 27.Ra1 Bb5 28.Rb1 Bf6 29.Rb3 Nc7
30.Nd2 Rd8 31.Bb6 Rd7 32.Ne4 Bxd4 33.Bxc7 Rxc7 34.Bxb5 axb5 35.Rxb5 Rc1+
36.Kh2 Rc2 37.f3 Kg7 38.Kh3 Ra2 39.g4 f5 40.Ng5 Kf6 41.Nh7+ Ke7 42.gxf5 gxf5
43.Ng5 Be3 44.Rb7+ Kf6 45.Nh7+ Ke5 46.Rb5+ Kf4 47.Nf8 Kxf3 48.Nxe6 f4 49.Ng5+ Ke2
50.Kg4 Ra1 51.Rb2+ Kd3 52.Nh3 Kc3 53.Rb5 Kc4 54.Rf5 Kb4  1/2-1/2

[Event "Faergen Cup 2013"]
[Site "Allinge DEN"]
[Date "2013.09.12"]
[Round "6.9"]
[White "Malmdin,N"]
[Black "Nielsen,JeH"]
[Result "1-0"]
[WhiteElo "2230"]
[BlackElo "1847"]

1.e4 d5 2.exd5 Qxd5 3.Nc3 Qd6 4.d4 Nf6 5.Nf3 Bg4 6.Be2 c6 7.O-O e6 8.Ne5 Bxe2
9.Qxe2 Be7 10.Re1 O-O 11.Be3 Nbd7 12.Nd3 Nd5 13.Ne4 Qc7 14.Bd2 N7f6 15.Ng5 Bd6
16.g3 Rfe8 17.c4 Ne7 18.c5 Bxg3 19.hxg3 Nf5 20.Bf4 Qd8 21.Nf3 Nxd4 22.Nxd4 Qxd4
23.Be5 Qd8 24.Rad1 Nd5 25.a3 f6 26.Bd6 Qa5 27.Qg4 e5 28.Qc4 Kh8 29.Re4 Qd8
30.Rh4 b5 31.Qe4 h6 32.Kg2 Qd7 33.Qg6 Ne7 34.Qf7 Rad8 35.Nxe5 fxe5 36.Bxe5 Nf5
37.Rxd7 Nxh4+ 38.gxh4 Rxe5 39.Qxg7+  1-0

[Event "52nd World Juniors"]
[Site "Kocaeli TUR"]
[Date "2013.09.13"]
[Round "1.20"]
[White "Pavlidis,Ant"]
[Black "Soysal,Serkan"]
[Result "1-0"]
[WhiteElo "2471"]
[BlackElo "2097"]

1.e4 d5 2.exd5 Qxd5 3.Nc3 Qd6 4.d4 Nf6 5.Nf3 c6 6.Ne5 Nbd7 7.Bf4 Nd5 8.Bg3 Nxe5
9.Bxe5 Nxc3 10.bxc3 Qg6 11.Rb1 b6 12.f3 Bf5 13.Qd2 Qe6 14.Be2 f6 15.Bg3 Qxa2
16.O-O Qxc2 17.Qe3 e5 18.Bc4 Qxb1 19.Rxb1 Bxb1 20.f4 b5 21.Be6 e4 22.f5 Rd8
23.d5 c5 24.Bc7 Be7 25.Bxd8 Bxd8 26.Qg3  1-0

[Event "31st World Junior Girls"]
[Site "Kocaeli TUR"]
[Date "2013.09.14"]
[Round "2.5"]
[White "Bulmaga,I"]
[Black "Rakhmangulova,A"]
[Result "1-0"]
[WhiteElo "2387"]
[BlackElo "2194"]

1.e4 d5 2.exd5 Qxd5 3.Nc3 Qd6 4.d4 Nf6 5.Nf3 g6 6.g3 Bg4 7.Bg2 Nc6 8.O-O O-O-O
9.d5 Nb4 10.h3 Bxf3 11.Qxf3 Qa6 12.Bg5 h6 13.Bxf6 exf6 14.a3 Nxc2 15.Rad1 Re8
16.Bh1 Bc5 17.Rd2 Nd4 18.Rxd4 Bxd4 19.Qg4+ f5 20.Qxd4 Qb6 21.Qxb6 axb6 22.Rc1 Kd7
23.Bf3 Re5 24.h4 g5 25.Bh5 Rc8 26.Bxf7 Rf8 27.Be6+ Kd8 28.f4 Re3 29.Kf2 gxf4
30.gxf4 Rh3 31.Rg1 Rxh4 32.Rg7 Rxf4+ 33.Ke3 Rc4 34.Rd7+ Ke8 35.Kd3 Rc5 36.b4  1-0

[Event "TCh-CRO 2a Liga 2013"]
[Site "Bol CRO"]
[Date "2013.09.15"]
[Round "2.5"]
[White "Pikula,D"]
[Black "Muse,D"]
[Result "1/2-1/2"]
[WhiteElo "2482"]
[BlackElo "2398"]

1.e4 d5 2.exd5 Qxd5 3.Nc3 Qd6 4.d4 Nf6 5.Nf3 a6 6.g3 b5 7.Bg2 Bb7 8.O-O e6
9.Bf4 Qd8 10.Ne5 Bxg2 11.Kxg2  1/2-1/2

[Event "52nd World Juniors"]
[Site "Kocaeli TUR"]
[Date "2013.09.15"]
[Round "3.31"]
[White "Firat,B"]
[Black "Soysal,Serkan"]
[Result "1-0"]
[WhiteElo "2423"]
[BlackElo "2097"]

1.e4 d5 2.exd5 Qxd5 3.Nc3 Qd6 4.d4 Nf6 5.Bc4 a6 6.Nf3 b5 7.Bb3 Bb7 8.Ne5 e6
9.Bf4 Qd8 10.Qe2 Qe7 11.O-O Nbd7 12.Rfe1 Nxe5 13.dxe5 Nd7 14.a3 Nc5 15.Ba2 Qd7
16.b4 Qc6 17.f3 Nd7 18.Ne4 a5 19.a4 Bxb4 20.axb5 Bc5+ 21.Kh1 Qb6 22.Rad1 Bxe4
23.Qxe4 Rb8 24.c4 Be7 25.Be3 Nc5 26.Qg4 g6 27.Bh6 Rd8 28.Bb1 Rg8 29.Be4 Rxd1
30.Rxd1 f6 31.exf6 Bxf6 32.Bc6+ Ke7 33.Be3 Kf7 34.Qf4 e5 35.Qg4 Rd8 36.Rxd8 Bxd8
37.Qc8 Bf6 38.Bh6 Be7 39.Qe8+ Kf6 40.h4  1-0

[Event "52nd World Juniors"]
[Site "Kocaeli TUR"]
[Date "2013.09.15"]
[Round "3.6"]
[White "Stukopin,A"]
[Black "Vakhidov,J"]
[Result "1/2-1/2"]
[WhiteElo "2522"]
[BlackElo "2385"]

1.e4 d5 2.exd5 Qxd5 3.Nc3 Qd6 4.d4 Nf6 5.Be3 c6 6.Qd2 Be6 7.a3 g6 8.Nf3 Bd5
9.Nxd5 Nxd5 10.Bg5 Nd7 11.c4 h6 12.Bh4 Qe6+ 13.Be2 N5b6 14.Qe3 Qxe3 15.fxe3 Bg7
16.O-O e5 17.Rfe1 O-O 18.b4 a5 19.c5 e4 20.cxb6 exf3 21.Bxf3 Nxb6 22.bxa5 Nc4
23.Rab1 Nxa5 24.d5 g5 25.Bg3 f5 26.dxc6 bxc6 27.Rec1 Rfe8 28.Rxc6 Rxe3 29.Rc7 Rae8
30.a4 Kh8 31.Bf2 Ra3 32.Bh5 Ra8 33.h3 Rxa4 34.Re1 Nc4 35.g3 Nd6 36.Ree7 Rg8
37.Bf3 Ne4 38.Bxe4 fxe4 39.g4 Ra1+ 40.Kg2 Ra2 41.Kg1 Ra1+ 42.Kg2 Ra2 43.Kg1  1/2-1/2

[Event "1st League Cent-SRB 2013"]
[Site "Kragujevac SRB"]
[Date "2013.09.15"]
[Round "3.3"]
[White "Zajic,Milan"]
[Black "Radibratovic,P"]
[Result "1-0"]
[WhiteElo "2302"]
[BlackElo "2362"]

1.e4 d5 2.exd5 Qxd5 3.Nc3 Qd6 4.d4 c6 5.g3 Nf6 6.Bg2 Be6 7.Nf3 Bg4 8.O-O e6
9.h3 Bxf3 10.Bxf3 Be7 11.Ne2 O-O 12.c4 Qc7 13.Be3 Nbd7 14.Qb3 Bd6 15.Bg2 a6
16.Rac1 Rad8 17.d5 exd5 18.cxd5 c5 19.Nd4 b5 20.a4 c4 21.Qc2 Qb7 22.axb5 axb5
23.Nf5 Bc5 24.Bg5 Qb6 25.Rcd1 Rde8 26.b3 cxb3 27.Qxb3 Ne4 28.Bxe4 Rxe4 29.d6 Re5
30.Ne7+ Kh8 31.Nd5 Qb7 32.Be7 Rb8 33.Nf4 Kg8 34.Rfe1 Qa7 35.Nd3 Rxe1+ 36.Rxe1 Qb7
37.Ne5 Nxe5 38.Rxe5 Bd4 39.Rf5 Bf6 40.Bxf6 gxf6 41.Rxf6 Qd7 42.Kh2 b4 43.h4 Kg7
44.Rf4 Rb6 45.Qb2+ Kg8 46.Rxb4  1-0

[Event "XV Villa Martelli ITT"]
[Site "Villa Martelli ARG"]
[Date "2013.09.15"]
[Round "1.4"]
[White "Perez,Max"]
[Black "Ibar,M"]
[Result "1/2-1/2"]
[WhiteElo "2277"]
[BlackElo "2177"]

1.e4 d5 2.exd5 Qxd5 3.Nc3 Qd6 4.d4 Nf6 5.Nb5 Qd8 6.c4 c6 7.Nc3 Bf5 8.Nf3 e6
9.h3 Nbd7 10.Bd3 Bxd3 11.Qxd3 Qc7 12.Be3 Bd6 13.Qd2 O-O 14.O-O e5 15.d5 Rad8
16.Rac1 b6 17.dxc6 Qxc6 18.Nb5 Bb8 19.Qe2 a6 20.Nc3 e4 21.Nd2 Qd6 22.g3 Qe6
23.Kg2 h6 24.Bd4 Rfe8 25.Rfe1 Be5 26.Be3 Bb8 27.Bd4 Be5 28.Nb3 Qc6 29.Kg1 Bxd4
30.Nxd4 Qb7 31.Nf5 Ne5 32.Red1 Nd3 33.Rc2 Qc8 34.g4 Qxc4 35.Rcd2 Qc5 36.Qe3 Qc7
37.Ng3 Rd7 38.Ncxe4 Nxe4 39.Nxe4 Rde7 40.Rxd3 Rxe4 41.Qf3 Re1+ 42.Rxe1 Rxe1+
43.Kg2 Re6 44.Rc3 Qb8 45.Qd3 Qb7+ 46.Kg3 Qe4 47.Qxe4 Rxe4 48.Rc8+ Kh7 49.Rc6 Rb4
50.b3 a5 51.Kf3 g6 52.Ke3 Kg7 53.Rc4 Rb5 54.Kd4 h5 55.f4 hxg4 56.hxg4 Kf6
57.Ke4 Ke6 58.Kd3 Kd6 59.Rd4+ Ke6 60.Kc3 g5 61.a4 Rc5+ 62.Kd3 gxf4 63.Rxf4 f6
64.b4 Rd5+ 65.Kc4 axb4 66.Kxb4 Re5 67.Rd4 Rg5  1/2-1/2

[Event "TCh-CRO 2a Liga 2013"]
[Site "Bol CRO"]
[Date "2013.09.16"]
[Round "3.3"]
[White "Susak,Z"]
[Black "Ivankovic,I"]
[Result "1/2-1/2"]
[WhiteElo "2187"]
[BlackElo "2156"]

1.e4 d5 2.exd5 Qxd5 3.Nc3 Qd8 4.d4 Nf6 5.Bc4 Bf5 6.Bg5 e6 7.Qf3 c6 8.d5 Qe7
9.dxe6 Bxe6 10.Bxe6 Qxe6+ 11.Nge2 Nbd7 12.O-O-O O-O-O 13.Nd4 Qc4 14.Nf5 h6
15.Rd4 Qe6 16.Bxf6 Nxf6 17.Rxd8+ Kxd8 18.Rd1+ Kc8 19.Qd3 Nd7 20.Nd4 Qg6 21.Qh3 Bc5
22.Nb3 Bd6 23.f3 Rd8 24.Ne4 Bf4+ 25.Kb1 f5 26.Nec5 Nxc5 27.Rxd8+ Kxd8 28.Nxc5 Qf7
29.Qh4+ Bg5 30.Qd4+ Kc8 31.Qe5 Qd5 32.Qxd5 cxd5 33.Ne6 Bf6 34.Nf4 d4 35.Nd5 Bd8
36.Kc1 Kd7 37.Kd1 Kd6 38.Nf4 g5 39.Nd3 Bc7 40.Ke2 Kd5  1/2-1/2

[Event "31st World Junior Girls"]
[Site "Kocaeli TUR"]
[Date "2013.09.16"]
[Round "4.13"]
[White "Qiu,Mengjie"]
[Black "Rakhmangulova,A"]
[Result "1/2-1/2"]
[WhiteElo "2091"]
[BlackElo "2194"]

1.e4 d5 2.exd5 Qxd5 3.Nc3 Qd6 4.d4 Nf6 5.Nf3 g6 6.g3 Bg7 7.Bg2 Qa6 8.Bf4 c6
9.Qd2 Bf5 10.O-O-O Nd5 11.Kb1 Nd7 12.Rhe1 O-O 13.Nh4 Be6 14.Nxd5 cxd5 15.Bh6 Rfc8
16.Bxg7 Kxg7 17.f4 Nb6 18.f5 Nc4 19.Qc1 Qb5 20.Bf1 gxf5 21.Bxc4 Qxc4 22.Qg5+ Kh8
23.Rd2 Qb4 24.Red1 Rg8 25.Qf4 Qd6 26.Qxd6 exd6 27.Rf2 Rg5 28.Rdf1 Re8 29.b3 Rg4
30.c3 Bd7 31.Nxf5 Re6 32.a4 Rge4 33.Nh4 Re1+ 34.Rxe1 Rxe1+ 35.Kc2 Kg7 36.Ng2 Rh1
37.Ne3 Be6 38.Kd3 Kg6 39.c4 dxc4+ 40.Nxc4 d5 41.Ne5+ Kg7 42.a5 f6 43.Nf3 Ra1
44.Kc3 Rxa5 45.Kb4 Ra6 46.Rc2 Rb6+ 47.Ka3 Kg6 48.Nh4+ Kg5 49.Rc7 Kh6 50.Ng2 Bf5
51.Nf4 Be4 52.Rd7 Rb5 53.Rd6 Kg5 54.Ka4 Rb6 55.Rxb6 axb6 56.Kb5 Kf5 57.b4 Bf3
58.Kxb6 Ke4 59.Kxb7 Kxd4 60.b5 Kc4 61.b6 d4+ 62.Kc7 d3 63.Nh3 Kd4 64.Nf2 d2
65.b7 Bxb7 66.Kxb7 Ke3 67.Nd1+ Kf3 68.Kc6 Kg2 69.Kd5 Kxh2 70.g4 Kg3 71.Ne3 d1=Q+
72.Nxd1 Kxg4 73.Ke4 f5+ 74.Ke3 Kg3 75.Ke2 f4 76.Kf1 h5 77.Nc3 f3 78.Ne4+ Kf4
79.Nd2  1/2-1/2

[Event "1st League Cent-SRB 2013"]
[Site "Kragujevac SRB"]
[Date "2013.09.16"]
[Round "4.2"]
[White "Stankovic,Milo"]
[Black "Prelevic,D"]
[Result "1/2-1/2"]
[WhiteElo "2407"]
[BlackElo "2312"]

1.e4 d5 2.exd5 Qxd5 3.Nc3 Qd8 4.d4 Nf6 5.Nf3 Bg4 6.h3 Bxf3 7.Qxf3 c6 8.Be3 e6
9.Be2 Bd6 10.O-O Nbd7 11.Rad1 O-O 12.Rfe1 Qc7 13.Bg5 Nd5 14.Ne4 Bh2+ 15.Kh1 Bf4
16.Bxf4  1/2-1/2

[Event "52nd World Juniors 2013"]
[Site "Kocaeli TUR"]
[Date "2013.09.17"]
[Round "5.10"]
[White "Iermito,S"]
[Black "Vakhidov,J"]
[Result "0-1"]
[WhiteElo "2462"]
[BlackElo "2385"]

1.e4 d5 2.exd5 Qxd5 3.Nc3 Qd6 4.d4 Nf6 5.Nf3 g6 6.Nb5 Qd8 7.c4 Bg7 8.Be2 O-O
9.O-O Ne8 10.Bf4 Bg4 11.Qb3 c6 12.Nc3 Bxf3 13.Bxf3 Qxd4 14.Qxb7 Qxf4 15.Qxa8 Be5
16.Rfe1 Qxh2+ 17.Kf1 Nd6 18.Qxa7 Qh1+ 19.Ke2 Qh4 20.Qe3 Qxc4+ 21.Qd3 Qb4
22.Rab1 Nd7 23.Ne4 Nf5 24.Kf1 Nd4 25.a3 Qb6 26.Nd2 Bf6 27.Nc4 Qb5 28.b4 Nxf3
29.gxf3 Nb6 30.Ne5 Bxe5 31.Qxb5 cxb5 32.Rxe5 Nc4 33.Re2 Ra8 34.Ra1 e6 35.a4 bxa4
36.Rc2 Nb6 37.Rc5 Nd5 38.Ra5 Rb8 39.b5 Nb6 40.Rc1 Rb7 41.Ke2 h5 42.Ke3 Kg7
43.Kd4 Rd7+ 44.Ke4 Rd5 45.Rc6 Nd7 46.Rc7 Nf6+ 47.Ke3 Ne8 48.Rc4 Nd6 49.Rb4 a3
50.Kf4 a2 51.Rxa2 Nxb5 52.Kg3 Nd4 53.Rb7 Rg5+ 54.Kf4 Rf5+ 55.Ke3 Nxf3 56.Ra6 h4
57.Rxe6 h3 58.Re4 h2 59.Rb1 Ng1 60.Rh4 Re5+ 61.Kd3 Rh5  0-1

[Event "31st World Junior Girls"]
[Site "Kocaeli TUR"]
[Date "2013.09.17"]
[Round "5.29"]
[White "Alev,G"]
[Black "Armas,Le"]
[Result "0-1"]
[WhiteElo "1632"]
[BlackElo "1920"]

1.e4 d5 2.exd5 Qxd5 3.Nc3 Qd6 4.d4 Nf6 5.Nf3 a6 6.g3 Bg4 7.Bg2 Nc6 8.d5 Nb4
9.Bf4 Qd8 10.h3 Bh5 11.Qe2 Nbxd5 12.Nxd5 Qxd5 13.Bxc7 Qc6 14.Be5 Rc8 15.c3 Nd7
16.Bd4 f6 17.O-O Qc7 18.Qd2 e5 19.Rfe1 Be7 20.Be3 Rd8 21.Qc2 Bg6 22.Qc1 O-O
23.Nh4 Nc5 24.Bxc5 Bxc5 25.Nxg6 hxg6 26.Qc2 f5 27.Qb3+ Rf7 28.Bd5 Bxf2+ 29.Kh2 Bxe1
30.Rxe1 Rxd5 31.Qxd5 e4 32.Rd1 Kh7 33.Qd4 Qa5 34.a3 Rc7 35.Qd8 Qc5 36.Qh4+ Kg8
37.Rd8+ Kf7 38.Qf4 Qc6 39.Rd6 Qb5 40.Qd2 Qe5 41.Rd5 Qe7 42.Qd4 Kg8 43.Rd8+ Kh7
44.Rd5 Qf6 45.Qe3 Re7 46.Qf4 Re8 47.Qe3 Rd8 48.Rd2 Rxd2+ 49.Qxd2 g5 50.Qe2 Qe7
51.Qh5+ Kg8 52.Qe2 f4 53.Qc4+ Kh7 54.gxf4 gxf4 55.Qd5 g6  0-1

[Event "1st League Cent-SRB 2013"]
[Site "Kragujevac SRB"]
[Date "2013.09.18"]
[Round "6.3"]
[White "Stankovic,Milo"]
[Black "Djordjevic,Vu"]
[Result "1-0"]
[WhiteElo "2407"]
[BlackElo "2123"]

1.e4 d5 2.exd5 Qxd5 3.Nc3 Qd6 4.d4 Nf6 5.Nf3 a6 6.g3 Bg4 7.Bg2 Nc6 8.Be3 O-O-O
9.h3 Bh5 10.g4 Bg6 11.O-O h5 12.g5 Ne4 13.Nh4 Nxc3 14.bxc3 e5 15.Rb1 Be7
16.f4 exd4 17.cxd4 Bh7 18.Qf3 f6 19.d5 Na5 20.g6 Bg8 21.Rfd1 Qa3 22.Nf5 Bc5
23.Bxc5 Qxc5+ 24.Kh1 Qxc2 25.Ne7+ Kd7 26.Nc6 bxc6 27.dxc6+ Ke7 28.Re1+ Be6
29.Qa3+ Rd6 30.Rxe6+ Kxe6 31.Re1+ Kf5 32.Qxa5+ Kxf4 33.Rf1+ Ke3 34.Qe1+ Kd3
35.Be4+  1-0

[Event "TCh-CRO w Liga 2013"]
[Site "Bol CRO"]
[Date "2013.09.20"]
[Round "7.1"]
[White "Blazeka,Mihaela"]
[Black "Batory,Lucija"]
[Result "1-0"]
[WhiteElo "1798"]
[BlackElo "1584"]

1.e4 d5 2.exd5 Qxd5 3.Nc3 Qd6 4.d4 Nf6 5.Nf3 c6 6.Bc4 Bg4 7.Be3 e6 8.h3 Bh5
9.Qe2 Nbd7 10.O-O-O b5 11.Bb3 a5 12.a4 bxa4 13.Nxa4 Be7 14.g4 Bg6 15.Nh4 Be4
16.f3 Bd5 17.c4 O-O 18.cxd5 cxd5 19.Bc2 Nb6 20.Nxb6 Qxb6 21.Qd3 g6 22.Ng2 Rfc8
23.Bd2 a4 24.Bc3 a3 25.b3 Rc7 26.Ne3 Rac8 27.Ba1 Bb4 28.Kb1 Bc3 29.Ka2 Qa5
30.Rh2 Qb4 31.h4 Bxa1 32.Rxa1 Rc3 33.Qd2 Nd7 34.h5 Nb6 35.Rb1 e5 36.hxg6 hxg6
37.dxe5 d4 38.Nc4 Nxc4 39.Qh6 f5 40.Qxg6+ Kf8 41.Rh8+ Ke7 42.Qf6+ Kd7 43.Bxf5+ Kc7
44.Rxc8+ Kb7 45.Qc6+  1-0

[Event "TCh-CRO 2a Liga 2013"]
[Site "Bol CRO"]
[Date "2013.09.20"]
[Round "7.4"]
[White "Pikula,D"]
[Black "Saric,S"]
[Result "1/2-1/2"]
[WhiteElo "2482"]
[BlackElo "2401"]

1.e4 d5 2.exd5 Qxd5 3.Nc3 Qd8 4.d4 Nf6 5.Nf3 c6 6.h3 Bf5 7.Bd3 Bxd3 8.Qxd3 e6
9.Bf4 Bd6 10.Bxd6 Qxd6 11.O-O O-O  1/2-1/2

[Event "63rd TCh-BUL GpB 2013"]
[Site "Sunny Beach BUL"]
[Date "2013.09.20"]
[Round "2.1"]
[White "Stavrev,N"]
[Black "Vasilev,VasilA"]
[Result "1/2-1/2"]
[WhiteElo "2352"]
[BlackElo "2340"]

1.e4 d5 2.exd5 Qxd5 3.Nc3 Qd6 4.d4 Nf6 5.Nf3 Bg4 6.h3 Bh5 7.g4 Bg6 8.Ne5 c6
9.Bf4 Nd5 10.Nxg6 Qxg6 11.Nxd5 Qe4+ 12.Be3 Qxd5 13.Rg1 e6 14.a3 Nd7  1/2-1/2

[Event "31st World Junior Girls"]
[Site "Kocaeli TUR"]
[Date "2013.09.21"]
[Round "8.33"]
[White "Tuzi,Bruna"]
[Black "Armas,Le"]
[Result "1/2-1/2"]
[WhiteElo "1687"]
[BlackElo "1920"]

1.e4 d5 2.exd5 Qxd5 3.Nc3 Qd6 4.d4 Nf6 5.Nf3 a6 6.Be3 b5 7.a3 Bb7 8.h3 Nbd7
9.Be2 e6 10.Qd2 Rd8 11.Rd1 Be7 12.O-O c5 13.dxc5 Qc6 14.Qc1 Nxc5 15.Rxd8+ Bxd8
16.Bxc5 Qxc5 17.Qg5 Qxg5 18.Nxg5 Bb6 19.Rd1 h6 20.Bf3 Bxf3 21.Nxf3 Ke7 22.Nd4 Rc8
23.Kf1 Ne8 24.Nde2 Nd6 25.b3 Bc5 26.a4 b4 27.Nb1 Ba7 28.c4 bxc3 29.Nbxc3 Rb8
30.Rb1 a5 31.g4 Rb4 32.Na2 Rb8 33.Nec3 Bc5 34.Nc1 f5 35.Nd3 Bd4 36.Ne2 Bf6
37.b4 Ne4 38.Kg2 axb4 39.Rxb4 Ra8 40.f3 Nd6 41.gxf5 exf5 42.Nef4 Ra5 43.Ne2 g5  1/2-1/2

[Event "31st World Junior Girls"]
[Site "Kocaeli TUR"]
[Date "2013.09.21"]
[Round "8.15"]
[White "Imeeva,A"]
[Black "Rakhmangulova,A"]
[Result "1-0"]
[WhiteElo "2067"]
[BlackElo "2194"]

1.e4 d5 2.exd5 Qxd5 3.Nc3 Qd6 4.d4 Nf6 5.Nf3 g6 6.Nb5 Qb6 7.c4 c6 8.Nc3 Bg4
9.c5 Qd8 10.Qb3 Bc8 11.Bc4 e6 12.Bf4 Be7 13.O-O-O b5 14.Be2 a5 15.Ne5 Nd5
16.Bg3 f6 17.Nd3 Na6 18.Ne4 a4 19.Qc2 Ndb4 20.Nxb4 Nxb4 21.Qd2 Nxa2+ 22.Kb1 Qd5
23.Bf3 Qb3 24.Qe3 Qxe3 25.fxe3 Nb4 26.Nd6+ Bxd6 27.Bxd6 Kf7 28.e4 Bb7 29.Rhf1 a3
30.b3 Ra6 31.Rd2 a2+ 32.Kb2 Rha8 33.Ra1 Kg7 34.Kc3 Nd5+ 35.exd5 exd5 36.Bd1 Bc8
37.g4 Be6 38.h3 g5 39.Re2 Bf7 40.b4 Bg6 41.Bc7 Ra3+ 42.Bb3 Bd3 43.Re3 Bc4
44.Kb2 Re8 45.Rc3 Rxb3+ 46.Rxb3 Re2+ 47.Ka3 Bxb3 48.Kxb3 Kg6 49.Rxa2 Rxa2
50.Kxa2 h5 51.Kb2 f5 52.Kc2 fxg4 53.hxg4 h4 54.Kd2 Kf6 55.Ke2 Kg6 56.Kf2  1-0

[Event "9th Highlands Open"]
[Site "Trebic CZE"]
[Date "2013.09.21"]
[Round "1"]
[White "Korinkova,Eva"]
[Black "Volodin,V"]
[Result "0-1"]
[WhiteElo "1812"]
[BlackElo "2177"]

1.e4 d5 2.exd5 Qxd5 3.Nc3 Qd6 4.Nf3 Nf6 5.d3 Bg4 6.Be2 c6 7.h3 Bh5 8.Be3 Nbd7
9.d4 e6 10.Qd2 Qc7 11.O-O-O Bb4 12.a3 Ne4 13.Qd3 Nxc3 14.bxc3 Bxa3+ 15.Kd2 Bg6
16.Qc4 Bd6 17.Ra1 a5 18.Rhb1 b5 19.Qa2 O-O 20.Ne1 Be4 21.g4 Nb6 22.Kd1 Bd5
23.Qb2 Bc4 24.Qc1 Bxe2+ 25.Kxe2 Nc4 26.Nd3 e5 27.Qh1 exd4 28.cxd4 Rae8 29.Qf3 a4
30.h4 Qe7 31.Qxc6 Nxe3 32.fxe3 Qxe3+ 33.Kd1 Bf4 34.Qg2 Qxd4 35.Ra2 Re3 36.Rbb2 Rfe8
37.Qf1 Qc3  0-1

[Event "9th Highlands IM"]
[Site "Trebic CZE"]
[Date "2013.09.22"]
[Round "3"]
[White "Klima,L"]
[Black "Bhakti,K"]
[Result "1/2-1/2"]
[WhiteElo "2344"]
[BlackElo "2285"]

1.e4 d5 2.exd5 Qxd5 3.Nc3 Qd6 4.d4 Nf6 5.Bd3 g6 6.Nge2 Bg7 7.Bf4 Qb6 8.Qd2 O-O
9.O-O c6 10.a3 Nbd7 11.Rfe1 c5 12.d5 Ng4 13.h3 Nge5 14.Na4 Qd8 15.c4  1/2-1/2

[Event "31st World Junior Girls"]
[Site "Kocaeli TUR"]
[Date "2013.09.23"]
[Round "10.36"]
[White "Shyngys Kyzy,A"]
[Black "Fuentes Godoy,Lilia Ivonne"]
[Result "1/2-1/2"]
[WhiteElo "1780"]
[BlackElo "1829"]

1.e4 d5 2.exd5 Qxd5 3.Nc3 Qd8 4.d4 Nf6 5.h3 a6 6.Nf3 b5 7.Bd3 Bb7 8.O-O e6
9.Bg5 Be7 10.Qe2 O-O 11.Rad1 Nbd7 12.Rfe1 Nb6 13.Ne5 b4 14.Ne4 Nxe4 15.Bxe4 Bxe4
16.Bxe7 Qxe7 17.Qxe4 Nd5 18.Rd3 Nf6 19.Qh4 Nd5 20.Qg4 Nf6 21.Qg5 Nd5 22.Qd2 Rac8
23.Rg3 c5 24.Qh6 Qf6 25.Qh5 Qe7 26.Re4 f5 27.Rh4 Nf6 28.Qg5 Rfe8 29.dxc5 Rxc5
30.Nd3 Rb5 31.Rxb4 Ne4 32.Qxe7 Rxe7 33.Re3 Nd6 34.Rxb5 axb5 35.Nc5 Rf7 36.f4 Nc4
37.Rb3 Nd6 38.a3 Rc7 39.Rc3 h6 40.Ne4 Rd7 41.Nxd6 Rxd6 42.Rc5 Rb6 43.g4 g6
44.Kf2 Kf7 45.Kg3 g5 46.gxf5 exf5 47.fxg5 hxg5 48.h4 Kg6 49.Kh3 Rb7 50.hxg5 Kxg5
51.Kg3 Rb6 52.Kf3 Rb7 53.Rc8 Rb6 54.Rg8+ Kf6 55.Rf8+ Ke5 56.Re8+ Kf6 57.Rh8 Ke5
58.Re8+ Kf6 59.Rc8 b4 60.a4 Kg5 61.b3 Rb7 62.Rc5 Rh7 63.a5 Rh3+ 64.Kg2 Rh6
65.Rb5 Rc6 66.Rxb4 Rxc2+ 67.Kg3 Rc3+ 68.Kg2 Rc2+ 69.Kg3 Rc3+  1/2-1/2

[Event "9th Highlands Open"]
[Site "Trebic CZE"]
[Date "2013.09.24"]
[Round "5"]
[White "Walek,Petr"]
[Black "Volodin,V"]
[Result "1/2-1/2"]
[WhiteElo "2060"]
[BlackElo "2177"]

1.e4 d5 2.exd5 Qxd5 3.Nc3 Qd6 4.d4 Nf6 5.h3 c6 6.Nf3 Bf5 7.Bc4 Nbd7 8.O-O Nb6
9.Bb3 e6 10.Ne2 h6 11.Bf4 Qd8 12.Re1 Be7 13.Ne5 Nbd5 14.Bh2 O-O 15.c4 Nc7
16.Nc3 Rc8 17.a3 Nd7 18.Qf3 Nxe5 19.dxe5 Qd3 20.Re3 Qd2 21.Re2 Qd3 22.Qxd3 Bxd3
23.Rd2 Rfd8 24.Rad1 Bg6 25.Rd7 Kf8 26.Kf1 Rxd7 27.Rxd7 Ke8 28.Rd2 Na6 29.Ke2 Nc5
30.Bd1 Ne4 31.Nxe4 Bxe4 32.f3 Bg6 33.f4 Rd8 34.Rxd8+ Kxd8 35.Bg1 Kc7 36.g3 b6
37.Kd2 Be4 38.Be3 g6 39.Bc2 Bxc2 40.Kxc2 h5 41.Kd3 a6 42.b4 b5 43.c5 Kb7
44.h4 a5 45.Ke4 axb4 46.axb4 Kc8 47.Bd4 Kd7 48.Ba1 Ke8 49.Bd4 Kf8 50.Ba1 Kg7
51.Bc3  1/2-1/2